000 00579nam a22001937a 4500
999 _c6769
_d6769
003 OSt
005 20210215110237.0
008 210215b ||||| |||| 00| 0 eng d
020 _a0691113920
040 _cDDC
082 _a332.04DES 2003
100 _aDesai,Padma;
_913878
245 _aFinancial crisis, contagion and containment:
_bFrom Asia to Argentina.
260 _aNew Jersey,
_bPrinceton University Press
_bPrinceton and Oxford.
_c2003
300 _ax,303p;
_bill.
_c25cm
504 _aIncludes Index and references
650 _aEconomics
_9975
942 _2ddc
_cO_SHELF